00652nam a22002297a 4500003000400000008004100004020001800045082001900063245008900082260004400171300001300215650001800228650001200246650001100258650001500269650002800284700002400312700002600336700001700362700001900379700002400398OSt260324b |||||||| |||| 00| 0 eng d a9788119105007 a597.1764bP29L aLuni River : habitat and ichthyofaunal diversity / cby Ajey Kumar Pathak...[et al.] a.- Delhib: International Booksc, 2024 axvi,85p. aPure Sciences aAnimals aFishes aLuni River aIchthyofaunal Diversity aPathak, Ajey Kumar. aKantharajan, Ganesan. aKumar, Ravi. aDayal, Rajesh. aSaini, Ved Prakash.